|
|
|
|
| LEADER |
00000cam a2200000 7i4500 |
| 001 |
0000005136 |
| 005 |
20030309093000.0 |
| 008 |
021118s1978 |
| 020 |
|
|
|a 003018021X
|
| 090 |
0 |
0 |
|a HF5635
|b .R49
|
| 100 |
0 |
|
|a Reynolds, Isaac N. ,
|e author
|
| 245 |
1 |
0 |
|a Elementary accounting
|c Isaac N. Reynolds, Albert Slavin, Allen B. Sanders
|
| 260 |
2 |
|
|a Hinsdale, Ill. :
|b The Dryden Press ,
|c 1978
|
| 300 |
|
|
|a xxv, 988 p. ;
|c 24 cm.
|
| 504 |
|
|
|a Includes index
|
| 650 |
|
0 |
|a Accounting
|
| 700 |
1 |
|
|a Sanders, Allen B. ,
|e author
|
| 700 |
1 |
|
|a Slavin, Albert ,
|e author
|
| 999 |
|
|
|a 1000015017
|b Book
|c OPEN SHELF (30 DAYS)
|e Gong Badak Campus
|